[Event "GM Opatija"]
[Site "?"]
[Date "2002.??.??"]
[Round "7"]
[White "Fercec, Nenad"]
[Black "Rukavina, Josip"]
[Result "1-0"]
[WhiteElo "2504"]
[BlackElo "2393"]
[PlyCount "83"]

1. e4 g6 2. d4 d6 3. Nc3 Bg7 4. Be3 c6 5. Qd2 b5 6. Bd3 Nd7 7. Nf3 Ngf6 8. h3
O-O 9. O-O Qc7 10. a4 b4 11. Ne2 a5 12. c3 bxc3 13. Nxc3 Ba6 14. Rfc1 Qb8 15.
Rc2 Rc8 16. Rac1 Bxd3 17. Qxd3 Qb3 18. Nd2 Qb7 19. b3 Ne8 20. Nc4 Nc7 21. d5 c5
22. f4 Qa6 23. Bd2 Rab8 24. Nd1 Nb6 25. Nde3 Bd4 26. Kh1 e6 27. dxe6 Nxe6 28.
f5 Nf4 29. Qf1 Nh5 30. Qf3 Nxc4 31. Nxc4 Rc7 32. Rf1 Rcb7 33. fxg6 hxg6 34. g4
Nf6 35. e5 d5 36. Nxa5 Ne4 37. Nxb7 Ng3+ 38. Kg2 Nxf1 39. Nd6 Rxb3 40. Qxf7+
Kh8 41. Qf8+ Kh7 42. Qh6+ 1-0

[Event "GM Opatija"]
[Site "?"]
[Date "2002.??.??"]
[Round "7"]
[White "Vukic, Milan"]
[Black "Loncar, Robert"]
[Result "1-0"]
[WhiteElo "2516"]
[BlackElo "2439"]
[PlyCount "91"]

1. Nf3 e6 2. g3 d5 3. Bg2 c6 4. O-O Nd7 5. d4 Ngf6 6. c4 Be7 7. Qc2 O-O 8. Rd1
Ne4 9. b3 f5 10. Bb2 Qe8 11. Ne1 Ndf6 12. f3 Ng5 13. Nd3 Bd6 14. Ba3 Bxa3 15.
Nxa3 Qe7 16. Qb2 Nf7 17. Rac1 Bd7 18. c5 h5 19. Ne5 Nxe5 20. dxe5 Nh7 21. f4 h4
22. Qd4 Rf7 23. Nc2 hxg3 24. hxg3 g5 25. e3 Rg7 26. Kf2 Kf7 27. Rh1 Rag8 28.
Rh3 Nf8 29. Rch1 Ke8 30. Bf1 Rh7 31. Rxh7 Nxh7 32. Ne1 Qg7 33. Nf3 gxf4 34.
gxf4 Nf8 35. Rg1 Qh7 36. Rxg8 Qxg8 37. Qa4 a6 38. Qa5 Qg4 39. Qc7 Ng6 40. Qxb7
d4 41. Nxd4 Qh4+ 42. Ke2 Qh2+ 43. Ke1 Qxa2 44. Qxa6 Qb1+ 45. Kf2 Qb2+ 46. Qe2
1-0

[Event "GM Opatija"]
[Site "?"]
[Date "2002.??.??"]
[Round "7"]
[White "Saric, Ante"]
[Black "Rogic, Davor"]
[Result "1/2-1/2"]
[WhiteElo "2380"]
[BlackElo "2496"]
[PlyCount "47"]

1. Nf3 d5 2. d4 Nf6 3. c4 c6 4. e3 Bf5 5. Nc3 e6 6. Bd3 Bxd3 7. Qxd3 Nbd7 8.
O-O Bb4 9. b3 O-O 10. Bb2 a5 11. a3 Be7 12. Rfd1 Qb6 13. c5 Qa6 14. Qxa6 Rxa6
15. b4 b5 16. Nd2 a4 17. Ne2 Ne4 18. Nxe4 dxe4 19. f3 Nf6 20. Nc3 exf3 21. gxf3
Nd5 22. e4 Nxc3 23. Bxc3 Rd8 24. Rd3 1/2-1/2

[Event "GM Opatija"]
[Site "?"]
[Date "2002.??.??"]
[Round "8"]
[White "Vasilev, Milen"]
[Black "Rogic, Davor"]
[Result "1/2-1/2"]
[WhiteElo "2442"]
[BlackElo "2496"]
[PlyCount "113"]

1. d4 d5 2. Bf4 Nf6 3. e3 e6 4. Nf3 Nbd7 5. Nbd2 a6 6. Bd3 c5 7. c3 b5 8. O-O
Bb7 9. a4 c4 10. Bc2 b4 11. a5 Be7 12. h3 O-O 13. Qe2 Rc8 14. Ne5 Nxe5 15. Bxe5
Nd7 16. Bg3 f5 17. f3 Kh8 18. e4 f4 19. Bf2 b3 20. Bb1 Nb8 21. Re1 Bd6 22. Nf1
Bc7 23. Nh2 Nc6 24. Ng4 Bxa5 25. exd5 exd5 26. Qe6 Bb6 27. Ne5 Nxe5 28. Rxe5
Rc6 29. Qxd5 Qxd5 30. Rxd5 Re6 31. Re5 Rxe5 32. dxe5 Bc7 33. Ra4 Bxe5 34. Rxc4
Rd8 35. Be4 Bxe4 36. Rxe4 Bc7 37. Re7 Bd6 38. Ra7 Be5 39. Rxa6 Rd1+ 40. Kh2 Kg8
41. Rb6 Rd2 42. Bd4 Bxd4 43. cxd4 Rxb2 44. Rb7 Rb1 45. d5 Kf8 46. d6 Ke8 47.
Rxg7 b2 48. Rb7 Kd8 49. d7 Ke7 50. g3 fxg3+ 51. Kg2 h5 52. h4 Kd8 53. f4 Ke7
54. f5 Rd1 55. Rxb2 Rxd7 56. Kxg3 Kf6 57. Rb5 1/2-1/2

[Event "GM Opatija"]
[Site "?"]
[Date "2002.??.??"]
[Round "8"]
[White "Loncar, Robert"]
[Black "Saric, Ante"]
[Result "1/2-1/2"]
[WhiteElo "2439"]
[BlackElo "2380"]
[PlyCount "29"]

1. Nf3 g6 2. e4 Bg7 3. d4 d6 4. c3 Nf6 5. Bd3 O-O 6. O-O Nc6 7. h3 e5 8. Re1
Re8 9. d5 Ne7 10. c4 h6 11. Nc3 Nh5 12. Bf1 Nf4 13. Qc2 g5 14. Nh2 Rf8 15. Ng4
1/2-1/2

[Event "GM Opatija"]
[Site "?"]
[Date "2002.??.??"]
[Round "8"]
[White "Saric, Ibro"]
[Black "Vukic, Milan"]
[Result "0-1"]
[WhiteElo "2384"]
[BlackElo "2516"]
[PlyCount "64"]

1. d4 Nf6 2. c4 d6 3. Nc3 Nbd7 4. e4 e5 5. Nf3 c6 6. Be2 Be7 7. O-O O-O 8. Be3
Re8 9. d5 c5 10. Ne1 Nb6 11. a3 Bd7 12. b3 h6 13. Nd3 Nh7 14. f3 Bg5 15. Bf2 g6
16. Nb2 Nc8 17. b4 b6 18. Nd3 f5 19. a4 a5 20. bxc5 dxc5 21. Kh1 Qc7 22. Qb3
Nd6 23. Rab1 Rab8 24. Rb2 h5 25. Rfb1 Nf6 26. Bg3 fxe4 27. Nxe5 Nf5 28. f4 Rxe5
29. fxe5 Nxg3+ 30. hxg3 Qxe5 31. Nd1 e3 32. Qc2 Bf5 0-1

[Event "GM Opatija"]
[Site "?"]
[Date "2002.??.??"]
[Round "8"]
[White "Naumkin, Igor"]
[Black "Fercec, Nenad"]
[Result "1-0"]
[WhiteElo "2443"]
[BlackElo "2504"]
[PlyCount "53"]

1. d4 Nf6 2. Nf3 c5 3. d5 b5 4. Bg5 Ne4 5. Bh4 Bb7 6. e3 Na6 7. Be2 g6 8. O-O
Bg7 9. Nbd2 Bxd5 10. Bxb5 Nc7 11. c4 Nxd2 12. Nxd2 Bb7 13. Ba4 O-O 14. Rb1 a5
15. Bc2 f5 16. f4 Ne6 17. h3 d6 18. g4 Qe8 19. gxf5 gxf5 20. Kh2 Kh8 21. Rg1
Bh6 22. Nf1 Qf7 23. Be1 Ng7 24. Bc3 Qxc4 25. Ng3 e5 26. Qxd6 exf4 27. Qxh6 1-0

[Event "GM Opatija"]
[Site "?"]
[Date "2002.??.??"]
[Round "8"]
[White "Jovanic, Ognjen"]
[Black "Topalovic, Zlatko"]
[Result "1/2-1/2"]
[WhiteElo "2432"]
[BlackElo "2272"]
[PlyCount "41"]

1. Nf3 Nf6 2. c4 c5 3. g3 Nc6 4. Bg2 g6 5. O-O Bg7 6. Nc3 O-O 7. d4 cxd4 8.
Nxd4 Nxd4 9. Qxd4 d6 10. Qd3 Nd7 11. b3 Ne5 12. Qd2 Rb8 13. Bb2 a6 14. Rfd1 Be6
15. Rac1 Re8 16. Nd5 Bxd5 17. Bxd5 Qc7 18. Rc2 Rec8 19. Qf4 e6 20. Be4 f5 21.
Bg2 1/2-1/2

[Event "GM Opatija"]
[Site "?"]
[Date "2002.??.??"]
[Round "9"]
[White "Topalovic, Zlatko"]
[Black "Vasilev, Milen"]
[Result "1/2-1/2"]
[WhiteElo "2272"]
[BlackElo "2442"]
[PlyCount "50"]

1. e4 c5 2. d4 cxd4 3. c3 dxc3 4. Nxc3 Nc6 5. Nf3 d6 6. Bc4 e6 7. Qe2 Nf6 8.
O-O a6 9. Rd1 Qc7 10. Bf4 Be7 11. Rac1 O-O 12. Bb3 Rd8 13. Nd5 exd5 14. exd5
Bf8 15. dxc6 bxc6 16. Ng5 Rd7 17. Qf3 Bb7 18. Be5 dxe5 19. Rxd7 Qxd7 20. Bxf7+
Kh8 21. Be6 Qe7 22. Nf7+ Kg8 23. Nh6+ Kh8 24. Nf7+ Kg8 25. Nh6+ Kh8 1/2-1/2

[Event "GM Opatija"]
[Site "?"]
[Date "2002.??.??"]
[Round "9"]
[White "Fercec, Nenad"]
[Black "Jovanic, Ognjen"]
[Result "1/2-1/2"]
[WhiteElo "2504"]
[BlackElo "2432"]
[PlyCount "24"]

1. d4 Nf6 2. c4 g6 3. Nc3 Bg7 4. e4 O-O 5. Nf3 d6 6. Be2 e5 7. O-O Nc6 8. d5
Ne7 9. b4 a5 10. bxa5 Rxa5 11. Nd2 c5 12. Nb3 Ra6 1/2-1/2

[Event "GM Opatija"]
[Site "?"]
[Date "2002.??.??"]
[Round "9"]
[White "Plachetka, Jan"]
[Black "Naumkin, Igor"]
[Result "1-0"]
[WhiteElo "2444"]
[BlackElo "2443"]
[PlyCount "89"]

1. e4 e6 2. d4 d5 3. Nd2 c5 4. exd5 Qxd5 5. Ngf3 cxd4 6. Bc4 Qd6 7. O-O Nf6 8.
Nb3 Nc6 9. Nbxd4 Nxd4 10. Nxd4 Bd7 11. c3 Qc7 12. Qe2 a6 13. h3 Bc5 14. Bg5 O-O
15. Rad1 Nd5 16. Bxd5 exd5 17. Qf3 Ba4 18. Rd2 Rfe8 19. Qxd5 Re5 20. Bf4 Rxd5
21. Bxc7 Re8 22. b3 Bxd4 23. bxa4 Rc5 24. cxd4 Rxc7 25. Rb1 Kf8 26. d5 Re4 27.
d6 Rd7 28. Rc1 Ke8 29. a5 Re5 30. f4 Re6 31. Rcd1 g6 32. Kf2 Rd8 33. Kf3 Kd7
34. Rb1 Rxd6 35. Rxb7+ Ke6 36. Rxd6+ Rxd6 37. Rb6 Kd7 38. Rxd6+ Kxd6 39. Ke4 h5
40. g4 hxg4 41. hxg4 f6 42. Kd4 Kc6 43. g5 Kd6 44. a3 Kc6 45. f5 1-0

[Event "GM Opatija"]
[Site "?"]
[Date "2002.??.??"]
[Round "9"]
[White "Saric, Ante"]
[Black "Saric, Ibro"]
[Result "1/2-1/2"]
[WhiteElo "2380"]
[BlackElo "2384"]
[PlyCount "40"]

1. d4 Nf6 2. c4 g6 3. Nc3 d5 4. Bf4 Bg7 5. e3 c5 6. dxc5 Qa5 7. Rc1 dxc4 8.
Bxc4 Qxc5 9. Bb3 O-O 10. Nf3 Nc6 11. O-O Qa5 12. h3 Bf5 13. Nd4 Bd7 14. Qe2
Nxd4 15. exd4 e6 16. Bd2 Qb6 17. Rfd1 Bc6 18. Be3 Qa5 19. Bd2 Qb6 20. Be3 Qa5
1/2-1/2

[Event "GM Opatija"]
[Site "?"]
[Date "2002.??.??"]
[Round "10"]
[White "Vasilev, Milen"]
[Black "Loncar, Robert"]
[Result "1-0"]
[WhiteElo "2442"]
[BlackElo "2439"]
[PlyCount "81"]

1. d4 c5 2. d5 Nf6 3. c4 g6 4. Nc3 Bg7 5. e4 d6 6. Bd3 O-O 7. Nge2 e6 8. O-O
exd5 9. cxd5 a6 10. a4 Nbd7 11. h3 Re8 12. Ng3 Qc7 13. Be3 Rb8 14. f4 c4 15.
Bc2 b5 16. axb5 axb5 17. Ra7 Qd8 18. Qf3 b4 19. Nce2 b3 20. Bb1 Rb7 21. Ra6 Nc5
22. Bxc5 dxc5 23. Nc3 Rbe7 24. Ra8 Nd7 25. e5 Nb6 26. d6 Nxa8 27. dxe7 Qd4+ 28.
Kh2 Be6 29. Rd1 Nc7 30. Rxd4 cxd4 31. Nce4 Nd5 32. Nd6 Rxe7 33. Nxc4 Rc7 34.
Nd2 Ne3 35. Qa8+ Bf8 36. Nge4 Rc1 37. Bd3 Kg7 38. Qd8 Nd5 39. Nxb3 Rc8 40. Qh4
h6 41. Nxd4 1-0

[Event "GM Opatija"]
[Site "?"]
[Date "2002.??.??"]
[Round "10"]
[White "Saric, Ibro"]
[Black "Rogic, Davor"]
[Result "1/2-1/2"]
[WhiteElo "2384"]
[BlackElo "2496"]
[PlyCount "84"]

1. d4 d5 2. c4 c6 3. Nf3 Nf6 4. e3 Bf5 5. Nc3 e6 6. Nh4 Bg6 7. Nxg6 hxg6 8. g3
Nbd7 9. Bg2 dxc4 10. Qe2 Nb6 11. O-O Be7 12. Rd1 Qc7 13. e4 e5 14. Be3 Rd8 15.
a4 O-O 16. a5 Nbd7 17. Qxc4 Qb8 18. h3 exd4 19. Bxd4 c5 20. Be3 Ne5 21. Qe2 Nc6
22. f4 Rxd1+ 23. Rxd1 Rd8 24. e5 Ne8 25. Rxd8 Qxd8 26. a6 Nd4 27. Qc4 bxa6 28.
Bd5 Nc7 29. Bxf7+ Kh7 30. Kf2 Qb8 31. b3 Qb6 32. Nd5 Nxd5 33. Qxd5 Qa5 34. Bxd4
Qd2+ 35. Kf3 Qd1+ 36. Kg2 cxd4 37. h4 Qe2+ 38. Kh3 d3 39. Qa8 Bf8 40. Qxf8 Qf1+
41. Kh2 Qf2+ 42. Kh3 Qf1+ 1/2-1/2

[Event "GM Opatija"]
[Site "?"]
[Date "2002.??.??"]
[Round "10"]
[White "Rukavina, Josip"]
[Black "Saric, Ante"]
[Result "1/2-1/2"]
[WhiteElo "2393"]
[BlackElo "2380"]
[PlyCount "110"]

1. Nf3 d5 2. d4 Nf6 3. c4 c6 4. Qb3 e6 5. g3 Be7 6. Bg2 b6 7. O-O Ba6 8. Nbd2
O-O 9. Re1 Nbd7 10. e4 Nxe4 11. Nxe4 dxe4 12. Rxe4 c5 13. Re1 Rc8 14. Qa4 Bb7
15. Ne5 Bxg2 16. Kxg2 Nxe5 17. dxe5 Qc7 18. Bd2 Rfd8 19. Qc2 Qc6+ 20. f3 Rd7
21. Rad1 Rcd8 22. Bc3 g6 23. Rxd7 Qxd7 24. Re2 Qd1 25. Qxd1 Rxd1 26. Kf2 Kf8
27. Rd2 Rxd2+ 28. Bxd2 Ke8 29. Ke3 Bg5+ 30. f4 Be7 31. g4 Bf8 32. Ke4 Bh6 33.
Be1 Kd7 34. b4 a6 35. b5 a5 36. Bh4 Bf8 37. Bg5 Be7 38. Bh6 Ke8 39. f5 Bh4 40.
Be3 Bd8 41. Bf2 Kf8 42. Kf4 Kg7 43. h4 Bc7 44. Ke4 Kg8 45. h5 Kg7 46. Bh4 Kf8
47. Bf6 gxh5 48. gxh5 h6 49. Kf4 Kg8 50. Be7 Kg7 51. Ke4 Kg8 52. Bd6 Bd8 53. f6
Kh8 54. Bf8 Kh7 55. Ke3 Bc7 1/2-1/2

[Event "GM Opatija"]
[Site "?"]
[Date "2002.??.??"]
[Round "10"]
[White "Naumkin, Igor"]
[Black "Vukic, Milan"]
[Result "1/2-1/2"]
[WhiteElo "2443"]
[BlackElo "2516"]
[PlyCount "34"]

1. d4 Nf6 2. Nf3 d6 3. c4 Nbd7 4. Nc3 c6 5. e4 e5 6. Be2 Be7 7. O-O O-O 8. Re1
a6 9. Bf1 b5 10. a3 Bb7 11. Bg5 Re8 12. Bxf6 Bxf6 13. d5 cxd5 14. cxb5 d4 15.
bxa6 Bxa6 16. Nd5 Bxf1 17. Kxf1 Nb6 1/2-1/2

[Event "GM Opatija"]
[Site "?"]
[Date "2002.??.??"]
[Round "10"]
[White "Topalovic, Zlatko"]
[Black "Fercec, Nenad"]
[Result "1/2-1/2"]
[WhiteElo "2272"]
[BlackElo "2504"]
[PlyCount "24"]

1. e4 c5 2. Nc3 Nc6 3. g3 g6 4. Bg2 Bg7 5. d3 d6 6. f4 e6 7. Nf3 Nge7 8. O-O
O-O 9. Kh1 Bd7 10. Be3 Nd4 11. Qd2 Nxf3 12. Bxf3 Nc6 1/2-1/2